| 000 | 01253cam a22002895a 4500 | ||
|---|---|---|---|
| 003 | EG-ScBUE | ||
| 005 | 20220517095633.0 | ||
| 008 | 111212s2007 enkaf f d 000 0 eng d | ||
| 020 | _a0230024920 | ||
| 020 | _a9780230024922 | ||
| 040 |
_aEG-ScBUE _beng _erda _cEG-ScBUE _dEG-ScBUE |
||
| 082 | 0 | 4 |
_a423 _bMAC _222 |
| 245 | 0 | 0 | _aMacmillan English dictionary for advanced learners. |
| 246 | 3 | 0 | _aEnglish dictionary for advanced learners. |
| 250 |
_aSecond edition, _bInternational student edition. |
||
| 264 | 1 |
_aOxford : _bMacmillan Education, _c2007. |
|
| 300 |
_axi, 1748 pages, 16 pages of plates : _billustrations (some color) ; _c24 cm |
||
| 336 |
_2rdacontent _atext _btxt |
||
| 337 |
_2rdamedia _aunmediated _bn |
||
| 338 |
_2rdacarrier _avolume _bnc |
||
| 520 | _aThis dictionary has been created using over 1000 lexicographers from Britian and America. Using a corpus of 200 million words this reference contains definitions of over 100,000 phrases and provides information about how these words and phrases are used in English in the modern world. | ||
| 650 | 7 |
_aEnglish language _vDictionaries. _2BUEsh _913761 |
|
| 651 | _2BUEsh | ||
| 653 |
_bHHUUEENN _cDecember2011 _cSeptember2018 |
||
| 655 |
_vReading book _934232 |
||
| 942 |
_2ddc _cBB |
||
| 999 |
_c16311 _d16311 |
||